000 00389nam a2200169Ia 4500
005 20250423094627.0
008 250422s9999 xx 000 0 und d
020 _a9780545003353
050 _aPZ 7 .P273/
100 _aPaterson, Katherine
245 0 _aBridge to terabithia
260 _aNew York
260 _bScholarstic Inc
260 _cc1977
300 _a128 p
942 _cBK
999 _c27811
_d27811